| 000 | 00670nam a2200205 i 4500 | ||
|---|---|---|---|
| 001 | bg | ||
| 245 | 0 |
_aPodstawy automatyki : _bskrypt przeznaczony jest dla studium zaocznego Wydziału Elektrycznego / _cpod red. Wiktora Chotkowskiego ; [aut.] W. Chotkowski [et al.] ; ; Politechnika Gdańska. |
|
| 250 | _a[Wyd. 3]. | ||
| 260 |
_aGdańsk : _bPG, _c1993. |
||
| 300 |
_a283 s. : _brys., wykr. ; _c24 cm. |
||
| 504 | _aBibliogr. s. 276. | ||
| 650 | 9 | _aAutomatyka | |
| 655 | _aPodręczniki akademickie | ||
| 700 | 1 |
_aCHOTKOWSKI, Wiktor. _erd *ws |
|
| 040 | _cBPK | ||
| 041 | _apol | ||
| 080 | _a681.5(075.8) | ||
| 942 | _cKS | ||
| 008 | s pl f |000 0 pol | ||
| 999 |
_c6476 _d6476 |
||
| 856 |
_uhttp://koha.tu.koszalin.pl/cgi-bin/koha/opac-detail.pl?biblionumber=6476 _yKatalog online BPK |
||